Jurisdição constitucional : (Record no. 757)

MARC details
000 -LÍDER
Campo Fixo de Controle 01055nam a2200289 a 4500
001 - NÚMERO DE CONTROLE
Campo de Controle 757
003 - IDENTIFICAÇÃO DO NÚMERO DE CONTROLE
Campo de Controle BR-CuiBMT
005 - DATA E HORA DA ÚLTIMA ATUALIZAÇÃO
Campo de Controle 20231116190111.0
008 - DADOS FIXOS
Dados Fixos 230831s2012 mgb 000 0 por d
020 ## - INTERNATIONAL STANDARD BOOK NUMBER
Nº do ISBN 9788577005703
040 ## - AGÊNCIA CATALOGADORA
Código da Agência Catalogadora BR-CuiBMT
Agência que transcreveu o registro BR-CuiBMT
080 ## - Nº DA CLASSIFICAÇÃO DECIMAL UNIVERSAL
Nº edição CDU 2007
Nº Class. CDU 347.991
Subd. Auxiliar Comum (094.9):342
090 ## - NÚMERO DE CHAMADA
Nº classificação 347.991(094.9):342
Cutter F996j
100 1# - ENTRADA PRINCIPAL -- AUTOR PESSOAL
Nome pessoal Fux, Luiz,
Datas associadas ao nome 1953-
245 10 - TÍTULO PRINCIPAL
Título principal Jurisdição constitucional :
Subtítulo democracia e direitos fundamentais /
Indicação de responsabilidade Luiz Fux ; [comentaristas: Bruno Vinícius da Rós Bodart ... et al.].
260 ## - PUBLICAÇÃO, DISTRIBUIÇÃO, ETC.
Local de publicação Belo Horizonte :
Editora Fórum,
Data 2012.
300 ## - DESCRIÇÃO FÍSICA
N. páginas ou volumes 385 p. ;
Dimensões 25 cm
500 ## - NOTAS GERAIS
Notas gerais Edição especial.
504 ## - NOTA DE BIBLIOGRAFIA, ETC.
Nota de bibliografia Inclui bibliografia.
610 ## - ASSUNTO -- ENTIDADE
Nome da Entidade ou lugar Brasil.
Unidade subordinada Supremo Tribunal Federal
Subdivisão geral Competência
610 ## - ASSUNTO -- ENTIDADE
Nome da Entidade ou lugar Brasil.
Unidade subordinada Supremo Tribunal Federal
Subdivisão geral Jurisprudência
610 ## - ASSUNTO -- ENTIDADE
Nome da Entidade ou lugar Brasil.
Unidade subordinada Congresso Nacional
Subdivisão geral Competência
610 ## - ASSUNTO -- ENTIDADE
Nome da Entidade ou lugar Brasil.
Unidade subordinada Tribunal de Contas da União.
650 ## - ASSUNTO TÓPICO
Cabeçalho tópico ou nome geográfico Direito constitucional
Subdivisão geral Jurisdição constitucional
650 ## - ASSUNTO TÓPICO
Cabeçalho tópico ou nome geográfico Jurisdição constitucional
Subdivisão geográfica Brasil
942 ## - ELEMENTOS DE ENTRADA ADICIONAIS (KOHA)
Fonte de classificação ou esquema de arquivamento Classificação Decimal Universal
Tipo de item do Koha Livros
Holdings
Estado: removido Estado: perdido Fonte de classificação ou esquema de arquivamento Estado: danificado Indisponível para empréstimo Localização permanente Localização atual Data de aquisição Total Checkouts Número de Chamada completo Código de barras Date last seen Número do exemplar Preço efetivo a partir de Tipo de item (Koha)
    Classificação Decimal Universal     Biblioteca da Escola Superior de Contas do TCE/MT Biblioteca da Escola Superior de Contas do TCE/MT 16/11/2023   347.991(094.9):342 F996j BIBTCEMT23110654 16/11/2023 Ex. 1 16/11/2023 Livros
    Classificação Decimal Universal     Biblioteca da Escola Superior de Contas do TCE/MT Biblioteca da Escola Superior de Contas do TCE/MT 16/11/2023   347.991(094.9):342 F996j BIBTCEMT23110655 16/11/2023 Ex. 2 16/11/2023 Livros

Powered by Koha